000 01122nam a22003135i 4500
001 12017
003 ES-MaACL
005 20250818102742.0
007 t|
008 940411s1993 sp ||||0| spa j
020 _a84-86844-98-3
040 _aM-BN
_bspa
_cM-BN
080 _a929 Fernando (460.18) III
080 _a946.018"1217/52"
100 1 _aMartínez Díez, Gonzalo.
_978060
245 1 0 _aFernando III, 1217-1252 /
_cGonzalo Martínez Díez.
260 _aPalencia :
_bDiputación Provincial ;
_aBurgos :
_bLa Olmeda,
_c1993.
300 _a311 p., [16] p. de lám ;
_c22 cm.
490 1 _aCorona de España. I. Reyes de Castilla y León
500 _aIndices.
504 _aBibliografía: p. 274-278.
600 1 4 _aFernando
_bIII
_cRey de Castilla, Santo.
_950201
651 _aCastilla (Reino)-
_xHistoria-
_y1217-1252, Fernando III.
_9172833
710 1 _aPalencia (Provincia).
_bDiputación Provincial.
_96107
830 0 0 _aCorona de España.
_pReyes de Castilla y León
_9179243
852 _aES-MaACL
_jL-19322
_bR.124719
852 _aES-MaACL
_jL-19583
_bR.123080
999 _c12017
_d12017